Fruit and vegetable biotechnology / (Record no. 144)

MARC details
000 -LEADER
fixed length control field 01107cam a2200277 a 4500
001 - CONTROL NUMBER
control field BD-DhSAU 144
003 - CONTROL NUMBER IDENTIFIER
control field BD-DhSAU
005 - DATE AND TIME OF LATEST TRANSACTION
control field 20140609110007.0
008 - FIXED-LENGTH DATA ELEMENTS--GENERAL INFORMATION
fixed length control field 050412s2002 flua b 001 0 eng d
020 ## - INTERNATIONAL STANDARD BOOK NUMBER
International Standard Book Number 1855734672 (Woodhead)
020 ## - INTERNATIONAL STANDARD BOOK NUMBER
International Standard Book Number 0849314364 (CRC)
040 ## - CATALOGING SOURCE
Transcribing agency BD-DhSAU
082 00 - DEWEY DECIMAL CLASSIFICATION NUMBER
Classification number 635 / FRU
Edition number 22
245 00 - TITLE STATEMENT
Title Fruit and vegetable biotechnology /
Statement of responsibility, etc. Victoriano Valpuesta. [edited]
260 ## - PUBLICATION, DISTRIBUTION, ETC. (IMPRINT)
Place of publication, distribution, etc. Boca Raton, Fla. :
Name of publisher, distributor, etc. CRC Press,
Date of publication, distribution, etc. c2002.
300 ## - PHYSICAL DESCRIPTION
Extent xi, 338 p. :
Other physical details ill. ;
Dimensions 24 cm.
440 #0 - SERIES STATEMENT/ADDED ENTRY--TITLE
Title Woodhead Publishing in food science and technology
504 ## - BIBLIOGRAPHY, ETC. NOTE
Bibliography, etc Includes bibliographical references and index.
650 #0 - SUBJECT ADDED ENTRY--TOPICAL TERM
Topical term or geographic name as entry element Genetically modified foods.
650 #0 - SUBJECT ADDED ENTRY--TOPICAL TERM
Topical term or geographic name as entry element Agricultural biotechnology.
650 #0 - SUBJECT ADDED ENTRY--TOPICAL TERM
Topical term or geographic name as entry element Fruit
General subdivision Genetics.
650 #0 - SUBJECT ADDED ENTRY--TOPICAL TERM
Topical term or geographic name as entry element Vegetables
General subdivision Genetics.
700 1# - ADDED ENTRY--PERSONAL NAME
Personal name Valpuesta, Victoriano.
856 42 - ELECTRONIC LOCATION AND ACCESS
Uniform Resource Identifier <a href="http://www.loc.gov/catdir/enhancements/fy0646/2005272826-d.html">http://www.loc.gov/catdir/enhancements/fy0646/2005272826-d.html</a>
856 42 - ELECTRONIC LOCATION AND ACCESS
Uniform Resource Identifier <a href="http://books.google.com.bd/books?id=QnNrij-AhmYC&pg=PA152&dq=1855734672&hl=en&sa=X&ei=LlvfUpSRIYOa4wSZhoHABg&redir_esc=y#v=onepage&q=1855734672&f=false">http://books.google.com.bd/books?id=QnNrij-AhmYC&pg=PA152&dq=1855734672&hl=en&sa=X&ei=LlvfUpSRIYOa4wSZhoHABg&redir_esc=y#v=onepage&q=1855734672&f=false</a>
942 ## - ADDED ENTRY ELEMENTS (KOHA)
Source of classification or shelving scheme Dewey Decimal Classification
Koha item type Book
Holdings
Withdrawn status Lost status Source of classification or shelving scheme Damaged status Not for loan Home library Branch Name Date acquired Total Checkouts Full call number Barcode Date last seen Price effective from Koha item type Coded location qualifier Shelving location Coded location qualifier
    Dewey Decimal Classification     SAU Library SAU Library 11/08/2009   635 / FRU 35298 22/01/2014 22/01/2014 Book      
    Dewey Decimal Classification     SAU Library SAU Library 11/08/2009   635 / FRU 35299 22/01/2014 22/01/2014 Book      
    Dewey Decimal Classification     SAU Library SAU Library 11/08/2009   635 / FRU 35297 16/04/2015 16/04/2015 Book | General Stacks |